LEADER 01027nam a2200277 i 4500 001 000000344868 003 CaOOAMICUS 005 20210324141944.0 008 210315s1975 it abe u001 u ita u 013 $a45917 040 $aSeMil$bita 100 1 $aBenevolo, Leonardo.$0(OLS)http://semarc/name/5646 245 10$aStoria della cittą / $cLeonardo Benevolo. 260 $aRoma ; Bari :$bLaterza & Figli,$c1975. 300 $a1006 p. :$bill. ;$c25 cm 490 0 $aGrandi opere 541 $aFondo mons. Pasquale Macchi (3N V 708) 650 4$aCittą - Storia.$0(OLS)http://semarc/subject/6005 830 0$aGrandi opere.$0(OLS)http://semarc/title/11202 850 $aSeMil 852 $aSeMil$W1$xVenegono$y1$m3N V 708$j225199$B235928$CSeMilBibl$Z2$F235928 $81 941 1 $a8 961 $aFondo mons. Pasquale Macchi 996 $6245$aStoria della cittą / $9(OLS)http://semarc/title/433962 996 $6260$aRoma ; Bari :$bLaterza & Figli$9(OLS)http://semarc/publisher/29696 LEADER 01181nam a2200229 i 4500 001 000000240385 003 CaOOAMICUS 005 20150327000000.0 008 150327s1905 it u000 u ita u 013 $a219290 040 $aSeMil$bita 100 1 $aAlbertario, Davide,$c.$0(OLS)http://semarc/name/14608 245 10$aDei cattolici e del liberalismo :$b(Congresso di Bergamo 12 ottobre 1877) /$cDon Davide Albertario. 260 $aMilano :$bBenedetto Bacchini,$cstampa 1905. 300 $a104 p. ;$c20 cm. 500 $aIn testa al front : Il Conferenziere, Pubblica i discorsi dei migliori oratori contemporanei a scopo di cultura, anno 7. numero 8-9 Febbraio e Marzo 1905. 600 14$aAlbertario, Davide .$0(OLS)http://semarc/subject/5435 650 4$aCattolicesimo e liberalismo.$0(OLS)http://semarc/subject/36223 850 $aSeMil 852 $aSeMil$W1$xVenegono$y1$m3N III 76$j190731$B190731$CSeMilBibl$Z2$F201571 $81 996 $6245$aDei cattolici e del liberalismo :$b(Congresso di Bergamo 12 ottobre 1877)$9(OLS)http://semarc/title/341924 996 $6260$aMilano :$bBenedetto Bacchini$9(OLS)http://semarc/publisher/39131